| Tag |
First Indicator |
Second Indicator |
Subfields |
| LEADER |
00000cam a2200000 a 4500 |
| 001 |
in00001402220 |
| 005 |
20151020054110.0 |
| 008 |
961108s1997 pau b s001 0 eng |
| 010 |
|
|
|a 96048058
|
| 020 |
|
|
|a 0271016752 (acid-free paper)
|
| 020 |
|
|
|a 0271016760 (pbk. : acid-free paper)
|
| 035 |
|
|
|a (OCoLC)35955187
|
| 035 |
|
|
|9 AHN0404AM
|
| 040 |
|
|
|a DLC
|c DLC
|d TXA
|d UtOrBLW
|
| 049 |
|
|
|a TXAM
|
| 050 |
0 |
0 |
|a B2798
|b .F35 1997
|
| 082 |
0 |
0 |
|a 193
|2 21
|
| 245 |
0 |
0 |
|a Feminist interpretations of Immanuel Kant /
|c edited by Robin May Schott.
|
| 264 |
|
1 |
|a University Park, Pa. :
|b Pennsylvania State University Press,
|c [1997]
|
| 264 |
|
4 |
|c ©1997
|
| 300 |
|
|
|a xvi, 423 pages ;
|c 24 cm.
|
| 336 |
|
|
|a text
|b txt
|2 rdacontent
|
| 337 |
|
|
|a unmediated
|b n
|2 rdamedia
|
| 338 |
|
|
|a volume
|b nc
|2 rdacarrier
|
| 490 |
1 |
|
|a Re-reading the canon
|
| 504 |
|
|
|a Includes bibliographical references (pages [401]-407) and index.
|
| 600 |
1 |
0 |
|a Kant, Immanuel,
|d 1724-1804.
|
| 650 |
|
0 |
|a Woman (Philosophy)
|
| 650 |
|
0 |
|a Feminist theory.
|
| 700 |
1 |
|
|a Schott, Robin May.
|
| 830 |
|
0 |
|a Re-reading the canon.
|
| 948 |
|
|
|a c:rd
|
| 999 |
|
|
|a MARS
|
| 999 |
f |
f |
|s deb6c977-956c-32a5-9a6a-8567ea666f4c
|i 827a6b24-96be-39ad-b61d-4af3548c07e4
|t 0
|
| 952 |
f |
f |
|p ric
|a Texas A&M University
|b Rellis Campus
|c Joint Library Facility
|d Remote Storage
|t 0
|e B2798 .F35 1997
|h Library of Congress classification
|i unmediated -- volume
|m A14822528908
|
| 998 |
f |
f |
|a B2798 .F35 1997
|t 0
|l Remote Storage
|